Tu origen americano : (Registro nro. 7744)

Detalles MARC
000 -LIDER
fixed length control field 02459nam a2200385 a 4500
001 - NÚMERO DE CONTROL
Identificador de número de control 000015081
003 - IDENTIFICACDOR DE NÚMERO DE CONTROL
control field DO-SdBNP
005 - DATE AND TIME OF LATEST TRANSACTION
control field 20180215095430.0
007 - CAMPOS FIJOS DE DESCRIPCIÓN FÍSICA
fixed length control field 000015081
008 - ELEMENTOS DE LONGITUD FIJA
fixed length control field 100201d2002 dr acd 001 0 spa d
040 ## - FUENTE DE CATALOGACIÓN
Agencia que crea de manera original el registro BPMET
Idioma de catalogación spa
Agencia que realiza la transcripción BPMET
041 17 - CÓDIGOS DE OBRAS TRADUCIDAS O EN VARIOS IDIOMAS
Código del idioma del texto/archivo de sonido o separata spa
Cód. del idioma original y/o traducciones intermedias del texto eng
092 ## - LOCALLY ASSIGNED DEWEY DECIMAL CALL NUMBER
Número de clasificación 929.2
Número de ítem (Cutter) J54t
100 1# - ASIENTO PRINCIPAL -- NOMBRE PERSONAL
Nombre personal Jennings, Odile Nouel,
Fechas asociadas con el nombre 1932-
240 14 - TITULO UNIFORME
Título uniforme The Jennings and Argo story
245 10 - MENCIÓN DE TITULO
Título Tu origen americano :
Subtítulo peripecias de una investigación genealógica, historia de los Jennings y los Argo /
Mención de responsabilidad Odile Nouel Jennings ; traducción del inglés por Luis José Prieto Nouel ; prólogo Julio Genaro Campillo Pérez.
250 ## - MENCIÓN DE EDICION
Mención de edición [1ª ed. dominicana].
260 ## - PUBLICACIÓN, DISTRIBUCIÓN, ETC. (PIE DE IMPRENTA)
Lugar de publicación, distribución, etc Santo Domingo :
Nombre del editor, distribuidor, etc. Instituto Dominicano de Genealogía,
Fecha de publicación, distribución, etc 2002.
300 ## - DESCRIPCIÓN FÍSICA
Extensión 210 p. :
Otros detalles físicos il., retrs., gráfcs. ;
Dimensiones 22 cm.
490 1# - MENCIÓN DE SERIES
Mención de serie Traducciones
Volume/sequential designation 2
500 ## - NOTA GENERAL
Nota general Incluye datos biográficos del traductor en la contracubierta.
505 0# - NOTA DE CONTENIDO
Información miscelánea Prólogo /
Mención de responsabilidad Julio Genaro Campillo Pérez --
Título Breve historia de Tennesse --
-- Los primeros diez años de Jim --Trezevant 1928-1938 --
-- Los años en Camben y Jackson - La Marina --
-- La Escuela de Vanderbilt --
-- Las dos hermanas de Jim --
-- Richard Carl Jennings. El padre de Jim --
-- Los abuelos de Jim, William Robert y Bettie Jennings --
-- William Jennings y Martha Nearn, abuelos de Jim --
-- Hermanos de William Robert Jennings --
-- Dickerson Jennings de Tennessee, 1797-1867 --
-- Dickerson Jennings de Virginia, y Dickerson de Tennessee, continuación --
-- William Jennings, hijo, de los estados de Virginia y Georgia. William Jennings, Sr de los Condados de Amelia y Nottoway, Virginia --
-- Humphrey Jennengs de Birmingham --
-- Origen del nombre - Otros ancestros Jennings --
-- Los Argos: Lilliam, la madre de Jim --
-- Los padres de Lilliam: William Joseph y Frances Elizabeth Argo --
-- Los padres de William Joseph, Cullen y Jane Argo --
-- Los dos hermanos de Carolina del norte: Thomas y John Argo --
-- Nuestros ancestros Argos y origen del nombre --
Información miscelánea Epílogo.
600 34 - ENCABEZAMIENTO DE MATERIA--NOMBRE PERSONAL
Nombre personal JENNINGS (FAMILIA)
Subdivisión temática general GENEALOGÍA
600 34 - ENCABEZAMIENTO DE MATERIA--NOMBRE PERSONAL
Nombre personal ARGO (FAMILIA)
Subdivisión temática general GENEALOGÍA
650 #4 - ENCABEZAMIENTO DE MATERIA--TEMÁTICO
Término temático o nombre geográfico como elemento de entrada PARENTESCO
651 #4 - ENCABEZAMIENTO DE MATERIA--NOMBRE GEOGRÁFICO
Nombre geográfico REPÚBLICA DOMINICANA
Subdivisión temática general GENEALOGÍA
651 #4 - ENCABEZAMIENTO DE MATERIA--NOMBRE GEOGRÁFICO
Nombre geográfico ESTADOS UNIDOS
Subdivisión temática general GENEALOGÍA
700 1# - ASIENTO SECUNDARIO -- NOMBRE PERSONAL
Nombre personal Prieto Nouel, Luis José,
Fechas asociadas con el nombre 1949-,
Mención de responsabilidad tr.
700 1# - ASIENTO SECUNDARIO -- NOMBRE PERSONAL
Nombre personal Campillo Pérez, Julio Genaro,
Mención de responsabilidad pról.
830 #0 - ASIENTO SECUNDARIO DE SERIE--TÍTULO UNIFORME
Título uniforme Traducciones
Volume number/sequential designation 2
910 ## - VALIDACIÓN
Validación
942 ## - ADDED ENTRY ELEMENTS (KOHA)
Source of classification or shelving scheme Dewey Decimal Classification
Koha item type Libros
945 ## - INFORMACIÓN DE PROCESAMIENTO LOCAL
Información de procesamiento local inventariado, 2018 / dg
956 ## - LOCAL ELECTRONIC LOCATION AND ACCESS (OCLC)
Nombre de host VMATEO
Número de acceso 10
Información de compresión 20150428
Inicio de sesión BPMSU
Procesador de solicitud 0069
Existencias
Withdrawn status Lost status Source of classification or shelving scheme Damaged status Not for loan Home library Current library Date acquired Total Checkouts Barcode Date last seen Price effective from Koha item type
    Dewey Decimal Classification     Biblioteca Pública Metropolitana Salomé Ureña Biblioteca Pública Metropolitana Salomé Ureña 04/28/2015   BPMSU15041442 04/28/2015 04/28/2015 Libros